00815nam a2200241 i 4500003000400000005001700004008004100021020003800062040002500100082001600125100004200141245006700183250001300250264005800263300002300321336002100344337002500365338002300390650003500413650002000448880004500468880006000513OSt20210318101349.0210316s2019 cc gr 000 f chi d a9787556242337cRM39.05qpaperback aPPAKbengcPPAKerda04223a895.1361 6880-01aTang, Jiasan,d1981-eauthor.106880-02aDou luo da lu. Di si bu :n1 /cTang jia san shao zhu. aDi 1 ban 1aChangsha: bHunan Children's Publishing House, c2019 a284 pages :c23 cm 2rdacontentatext 2rdamediaaunmediated 2rdacarrieravolume10aChinese fictiony21st century.20aChinese fiction1 6100-01a唐家三少著,d1981-e作者.1 6245-02a斗罗大陆. 第四部 :n1 /c唐家三少著